Tiempos de dragones : El elegido en su soledad /

"El Elegido en su soledad" es el segundo libro de la trilogía "Tiempo de Dragones" escrita por Liliana Bodoc. La historia sigue a Nulán, el elegido, quien acepta su condición y la obligación de visitar el pasado para construir un nuevo porvenir.

Guardado en:
Autor Principal: Bodoc, Liliana
Formato: Libro
Publicado: Buenos Aires : P&J, 2022.
Edición:2a ed.
Series:Éxitos
Materias:
Etiquetas: Agregar Etiqueta
Sin Etiquetas, Sea el primero en etiquetar este registro!
LEADER 00982nam a22002655a 4500
001 CEM.cems020228
008 230626s2022##################000#0#####d
005 20230626135651.0
245 1 0 |a Tiempos de dragones :  |b El elegido en su soledad /  |c Liliana Bodoc. 
250 |a 2a ed. 
260 |a Buenos Aires :  |b P&J,  |c 2022. 
300 |a 256 p. 
490 1 |a Éxitos 
520 |a "El Elegido en su soledad" es el segundo libro de la trilogía "Tiempo de Dragones" escrita por Liliana Bodoc. La historia sigue a Nulán, el elegido, quien acepta su condición y la obligación de visitar el pasado para construir un nuevo porvenir. 
020 |a 9789506444150 
100 1 |a Bodoc, Liliana 
082 0 4 |a A863.4 
653 |a Literatura 
653 |a Literatura argentina 
653 |a Narrativa 
653 |a Narrativa argentina 
653 |a Novelas 
653 |a Novela argentina 
653 |a Literatura fantástica 
859 |a CEMS  |b BIB. CEMS - 11 de abril  |h A863.4  |i B632-13  |p 29501.23  |t Ej.1